<?xml version="1.0" encoding="UTF-8"?>
<record
    xmlns:xsi="http://www.w3.org/2001/XMLSchema-instance"
    xsi:schemaLocation="http://www.loc.gov/MARC21/slim http://www.loc.gov/standards/marcxml/schema/MARC21slim.xsd"
    xmlns="http://www.loc.gov/MARC21/slim">

  <leader>01107nam a2200229Ia 4500</leader>
  <controlfield tag="003">IN-BaIIA</controlfield>
  <controlfield tag="008">211028s9999    xx            000 0 eng d</controlfield>
  <datafield tag="020" ind1=" " ind2=" ">
    <subfield code="a">0-521-44412-8</subfield>
  </datafield>
  <datafield tag="040" ind1=" " ind2=" ">
    <subfield code="c">IIA Library</subfield>
  </datafield>
  <datafield tag="080" ind1=" " ind2=" ">
    <subfield code="a">524.3</subfield>
    <subfield code="b">STA</subfield>
  </datafield>
  <datafield tag="111" ind1=" " ind2=" ">
    <subfield code="a">4th EIPC Astrophysical Workshop on Star formation, Galaxies and the interstellar Medium</subfield>
    <subfield code="c">Elba International Physics Center Marciana Marina, Elba Island</subfield>
    <subfield code="d">1992 June 1-6</subfield>
    <subfield code="9">19179</subfield>
  </datafield>
  <datafield tag="245" ind1=" " ind2="0">
    <subfield code="a">Star formation, Galaxies and the interStellar medium</subfield>
    <subfield code="b">proceedings of the 4th EIPC astrophysical Workshop on Star formation, Galaxies and the interStellar medium, held in Elba International Physics Center Marciana Marina, Elba Island, Italy, 1-6 June 1992</subfield>
    <subfield code="c">edited by Jos&#xE9; Franco, Federico Ferrini, and Guillermo Tenorio-Tagle.</subfield>
  </datafield>
  <datafield tag="260" ind1=" " ind2=" ">
    <subfield code="a">Cambridge</subfield>
    <subfield code="b">Cambridge University Press</subfield>
    <subfield code="c">1993</subfield>
  </datafield>
  <datafield tag="300" ind1=" " ind2=" ">
    <subfield code="a">[various pagings.]</subfield>
  </datafield>
  <datafield tag="650" ind1=" " ind2=" ">
    <subfield code="a">Astronomy and Astrophysics thesaurus</subfield>
  </datafield>
  <datafield tag="650" ind1=" " ind2=" ">
    <subfield code="a">Galaxies</subfield>
    <subfield code="9">1286</subfield>
  </datafield>
  <datafield tag="650" ind1=" " ind2=" ">
    <subfield code="a">InterStellar medium</subfield>
    <subfield code="9">3375</subfield>
  </datafield>
  <datafield tag="650" ind1=" " ind2=" ">
    <subfield code="a">Star formation</subfield>
  </datafield>
  <datafield tag="700" ind1=" " ind2=" ">
    <subfield code="a">Ferrini, Federico., ed.</subfield>
    <subfield code="9">19180</subfield>
  </datafield>
  <datafield tag="700" ind1=" " ind2=" ">
    <subfield code="a">Franco, Jose., ed.</subfield>
    <subfield code="9">19181</subfield>
  </datafield>
  <datafield tag="942" ind1=" " ind2=" ">
    <subfield code="c">BK</subfield>
  </datafield>
  <datafield tag="999" ind1=" " ind2=" ">
    <subfield code="c">11198</subfield>
    <subfield code="d">11198</subfield>
  </datafield>
  <datafield tag="952" ind1=" " ind2=" ">
    <subfield code="0">0</subfield>
    <subfield code="1">0</subfield>
    <subfield code="4">0</subfield>
    <subfield code="7">0</subfield>
    <subfield code="a">BAN</subfield>
    <subfield code="b">BAN</subfield>
    <subfield code="c">GEN</subfield>
    <subfield code="d">1995-02-10</subfield>
    <subfield code="l">0</subfield>
    <subfield code="o">524.3/.5/ STA</subfield>
    <subfield code="p">12112</subfield>
    <subfield code="r">2021-11-05</subfield>
    <subfield code="w">1995-02-10</subfield>
    <subfield code="y">BK</subfield>
    <subfield code="G">&#xA3; 40.00</subfield>
  </datafield>
</record>
